[Event "Titled Tuesday intern op 02nd Apr Early"]
[Site "Chess.com INT"]
[Date "2024.04.02"]
[Round "1"]
[White "Grochal, Joey"]
[Black "Mena, Martin"]
[Result "1-0"]
[WhiteElo "2255"]
[BlackElo "1971"]
[PlyCount "193"]
[EventDate "2024.04.02"]
[EventType "swiss (blitz)"]
[EventRounds "11"]
[EventCountry "USA"]
[SourceTitle "CB15_2024"]
[SourceDate "2024.04.10"]
[SourceVersion "1"]
[SourceVersionDate "2024.04.10"]
[SourceQuality "1"]

1. e4 c6 2. d4 d5 3. Nc3 dxe4 4. Nxe4 Nd7 5. Ng5 Ngf6 6. Bc4 e6 7. c3 h6 8. N5f3 Bd6 9. Ne2 0-0 10. 0-0 b6 11. Ng3 c5 12. a4 cxd4 13. Nxd4 Bb7 14. Nxe6 fxe6 15. Bxe6+ Kh8 16. Qxd6 Nc5 17. Qxd8 Raxd8 18. Bc4 Bd5 19. Bxd5 Rxd5 20. Be3 Rfd8 21. Ne2 Nd3 22. b3 Re8 23. Nf4 Nxf4 24. Bxf4 Rd3 25. Rac1 Nd5 26. Bg3 Nxc3 27. Kh1 Ne2 28. Rc7 Nxg3+ 29. hxg3 a5 30. Rb1 Re2 31. Kg1 Rdd2 32. Rf7 Rb2 33. Rc1 Rxb3 34. Rcc7 Rb1+ 35. Kh2 Re5 36. g4 Rg5 37. Rf4 Rb4 38. Rxb4 axb4 39. Rc4 b5 40. Rxb4 bxa4 41. Rxa4 h5 42. Kg3 hxg4 43. Rxg4 Rf5 44. Rf4 Ra5 45. Kg4 Kh7 46. Rb4 Ra2 47. Rf4 Kg6 48. g3 Rb2 49. f3 Rb3 50. Ra4 Kf7 51. Kf4 Rc3 52. Ra7+ Kf6 53. Ra6+ Kf7 54. Ra5 Rb3 55. Re5 Rb4+ 56. Re4 Rb3 57. g4 Ra3 58. g5 g6 59. Rb4 Rc3 60. Rb7+ Kg8 61. Ke4 Ra3 62. f4 Ra4+ 63. Ke5 Ra5+ 64. Ke4 Ra4+ 65. Kf3 Ra3+ 66. Kg4 Ra4 67. Rd7 Kf8 68. Kf3 Ra3+ 69. Ke4 Ra5 70. Rd5 Ra4+ 71. Ke5 Ke7 72. Rb5 Ra6 73. Rb7+ Kf8 74. Rd7 Ra5+ 75. Kf6 Rf5+ 76. Kxg6 Rxf4 77. Rd8+ Ke7 78. Rd5 Rg4 79. Rf5 Rg1 80. Kh6 Rh1+ 81. Kg7 Ke6 82. Rf2 Rg1 83. g6 Ke7 84. Kh7 Rh1+ 85. Kg8 Rg1 86. g7 Rg5 87. Rf4 Ke8 88. Re4+ Kd7 89. Kf7 Rf5+ 90. Kg6 Rf2 91. g8Q Rg2+ 92. Kf7 Rxg8 93. Kxg8 Kd6 94. Kf7 Kd5 95. Re6 Kc5 96. Kf6 Kd5 97. Kf5 1-0

[Event "Titled Tuesday intern op 02nd Apr Early"]
[Site "Chess.com INT"]
[Date "2024.04.02"]
[Round "7"]
[White "Grochal, Joey"]
[Black "Romero Arzuaga, Yudel"]
[Result "1-0"]
[WhiteElo "2255"]
[BlackElo "2231"]
[PlyCount "59"]
[EventDate "2024.04.02"]
[EventType "swiss (blitz)"]
[EventRounds "11"]
[EventCountry "USA"]
[SourceTitle "CB15_2024"]
[SourceDate "2024.04.10"]
[SourceVersion "1"]
[SourceVersionDate "2024.04.10"]
[SourceQuality "1"]

1. e4 d5 2. exd5 Qxd5 3. Nc3 Qd8 4. d4 c6 5. Nf3 Bg4 6. Be2 e6 7. 0-0 Nf6 8. a4 Nbd7 9. a5 a6 10. Ne5 Bxe2 11. Qxe2 Bb4 12. Bg5 Qc7 13. Nxd7 Nxd7 14. d5 cxd5 15. Nxd5 Qc5 16. Be7 Qxd5 17. Bxb4 0-0-0 18. Rfd1 Qc6 19. Ra3 Kb8 20. Bd6+ Ka8 21. Rc3 Qa4 22. Bc7 Rc8 23. h3 Nf6 24. Rd6 Rxc7 25. Rxc7 Nd5 26. Rxf7 Qxa5 27. Rdd7 Rb8 28. Rxg7 Qa1+ 29. Kh2 Qxb2 30. Qxa6+ 1-0

[Event "Titled Tuesday intern op 06th Feb Early"]
[Site "Chess.com INT"]
[Date "2024.02.06"]
[Round "9"]
[White "Chemin, Vitorio"]
[Black "Grochal, Joey"]
[Result "0-1"]
[WhiteElo "2131"]
[BlackElo "2255"]
[PlyCount "88"]
[EventDate "2024.02.06"]
[EventType "swiss (blitz)"]
[EventRounds "11"]
[EventCountry "USA"]
[SourceTitle "CB07_2024"]
[SourceDate "2024.02.14"]
[SourceVersion "1"]
[SourceVersionDate "2024.02.14"]
[SourceQuality "1"]

1. Nf3 Nf6 2. d4 g6 3. Bf4 Bg7 4. e3 0-0 5. Be2 c5 6. c3 cxd4 7. exd4 Nd5 8. Bd2 d6 9. h3 Nc6 10. 0-0 e5 11. Bg5 f6 12. dxe5 dxe5 13. Bc4 Be6 14. Be3 Nc7 15. Qb3 Bxc4 16. Qxc4+ Qd5 17. Nbd2 Rad8 18. Qh4 f5 19. Nb3 e4 20. Nfd4 Ne5 21. Bf4 Ne6 22. Nxe6 Qxe6 23. Nd4 Qb6 24. Bxe5 Bxe5 25. Rfd1 Rd6 26. Nb3 Rfd8 27. Rxd6 Qxd6 28. Nd4 Bf6 29. Qg3 Qxg3 30. fxg3 Bxd4+ 31. cxd4 Rxd4 32. Rc1 Rd7 33. Kf2 Kf7 34. Ke3 Ke6 35. Rc3 b5 36. Rc8 Kd5 37. b4 Ke5 38. Rc5+ Rd5 39. Rc7 Rd3+ 40. Ke2 a6 41. Rxh7 Ra3 42. Re7+ Kd4 43. Re6 Rxa2+ 44. Kf1 Ke3 0-1

[Event "Titled Tuesday intern op 06th Feb Early"]
[Site "Chess.com INT"]
[Date "2024.02.06"]
[Round "11"]
[White "Travkina, Anastasia"]
[Black "Grochal, Joey"]
[Result "0-1"]
[WhiteElo "2202"]
[BlackElo "2255"]
[PlyCount "146"]
[EventDate "2024.02.06"]
[EventType "swiss (blitz)"]
[EventRounds "11"]
[EventCountry "USA"]
[SourceTitle "CB07_2024"]
[SourceDate "2024.02.14"]
[SourceVersion "1"]
[SourceVersionDate "2024.02.14"]
[SourceQuality "1"]

1. e4 e5 2. Nf3 Nc6 3. Bc4 Bc5 4. b4 Bxb4 5. c3 Ba5 6. d4 exd4 7. 0-0 Nf6 8. e5 d5 9. exf6 dxc4 10. fxg7 Rg8 11. Re1+ Be6 12. Bg5 Qd5 13. Qa4 b5 14. Qa3 Rxg7 15. h4 b4 16. Qa4 bxc3 17. Re5 Qd7 18. Rxa5 Nxa5 19. Qxa5 Rc8 20. Nxc3 dxc3 21. Qxc3 Rg8 22. Re1 h6 23. Bxh6 Qd3 24. Qf6 Qg6 25. Bg5 Qxf6 26. Bxf6 Rb8 27. Nd4 Kd7 28. f4 Kd6 29. f5 Bd5 30. Be7+ Kd7 31. f6 Rxg2+ 32. Kf1 Rbb2 33. Ne2 c3 34. Ba3 Bc4 35. Kxg2 Rxe2+ 36. Rxe2 Bxe2 37. Kf2 Bh5 38. Ke3 Bg6 39. Kd4 c2 40. Kc3 Ke6 41. h5 Bh7 42. Kd2 Kxf6 43. Bc5 Kg5 44. Bxa7 Kxh5 45. a4 Kg4 46. a5 Kf3 47. Bd4 Be4 48. Bf6 Kg4 49. a6 Kf5 50. Bd8 c5 51. Bb6 c4 52. Bd4 Ke6 53. Bb2 f5 54. Kc3 Bd5 55. Bc1 Ke5 56. Bd2 Ke4 57. Bc1 f4 58. Kd2 f3 59. Ke1 Kd3 60. a7 Kc3 61. Kf2 Kb3 62. Ke3 Kc3 63. Kf2 Kd3 64. Ke1 Ba8 65. Kf2 c3 66. Ke1 Bb7 67. Kf2 Ke4 68. Ke1 Kd4 69. Kf2 Kc4 70. Ke1 Kb3 71. Kf2 Ka2 72. Ke3 Kb1 73. Kd3 Kxc1 0-1

[Event "Titled Tuesday intern op 19th Dec Early"]
[Site "Chess.com INT"]
[Date "2023.12.19"]
[Round "2"]
[White "Yarullina, Alina"]
[Black "Grochal, Joey"]
[Result "0-1"]
[WhiteElo "2084"]
[BlackElo "2228"]
[PlyCount "70"]
[EventDate "2023.12.19"]
[EventType "swiss (blitz)"]
[EventRounds "11"]
[EventCountry "USA"]
[SourceTitle "CB52_2023"]
[SourceDate "2023.12.27"]
[SourceVersion "1"]
[SourceVersionDate "2023.12.27"]
[SourceQuality "1"]

1. e4 e5 2. Nf3 Nc6 3. d4 exd4 4. Nxd4 Bc5 5. Be3 Qf6 6. c3 Nge7 7. Nc2 Bb6 8. Nd2 d5 9. Bb5 0-0 10. 0-0 d4 11. Nxd4 Nxd4 12. cxd4 Bxd4 13. Bxd4 Qxd4 14. Qc2 c6 15. Be2 Be6 16. Rad1 Rfd8 17. Nf3 Qb4 18. b3 a5 19. Ng5 Bd7 20. Bc4 Be8 21. e5 Ng6 22. e6 fxe6 23. Nxe6 Rxd1 24. Rxd1 Bf7 25. a3 Qe7 26. Nd4 Rd8 27. Nf3 Rxd1+ 28. Qxd1 Bxc4 29. bxc4 h6 30. a4 Nf4 31. g3 Qe2 32. Qb3 Nd3 33. Kg2 Qxf2+ 34. Kh3 Qxf3 35. c5+ Kh7 0-1

[Event "Titled Tuesday intern op 14th Nov Early"]
[Site "Chess.com INT"]
[Date "2023.11.14"]
[Round "5"]
[White "Djokic, Mihailo"]
[Black "Grochal, Joey"]
[Result "1-0"]
[WhiteElo "2170"]
[BlackElo "2240"]
[PlyCount "69"]
[EventDate "2023.11.14"]
[EventType "swiss (blitz)"]
[EventRounds "11"]
[EventCountry "USA"]
[SourceTitle "CB47_2023"]
[SourceDate "2023.11.22"]
[SourceVersion "1"]
[SourceVersionDate "2023.11.22"]
[SourceQuality "1"]

1. e4 e5 2. Nf3 Nc6 3. Nc3 Nf6 4. Bb5 Nd4 5. Ba4 Nxf3+ 6. gxf3 Bc5 7. Rg1 Nh5 8. d4 Bxd4 9. Nb5 0-0 10. Nxd4 exd4 11. Qxd4 Qf6 12. Qxf6 Nxf6 13. Bg5 Nh5 14. 0-0-0 d6 15. f4 f6 16. Bh4 Nxf4 17. Kd2 Be6 18. Ke3 Nh5 19. f4 Kh8 20. Kf3 g5 21. f5 Bxa2 22. Bf2 Bc4 23. c3 Nf4 24. Rd2 h6 25. Bd4 Kg7 26. h4 d5 27. hxg5 Nh3 28. gxf6+ Kh7 29. Rg7+ Kh8 30. f7 dxe4+ 31. Kg3 e3 32. Rg2 e2 33. Kxh3 e1Q 34. Rg8+ Kh7 35. R2g7# 1-0

[Event "Titled Tuesday intern op 14th Nov Early"]
[Site "Chess.com INT"]
[Date "2023.11.14"]
[Round "11"]
[White "Golubev, Mikhail"]
[Black "Grochal, Joey"]
[Result "0-1"]
[WhiteElo "2461"]
[BlackElo "2240"]
[PlyCount "128"]
[EventDate "2023.11.14"]
[EventType "swiss (blitz)"]
[EventRounds "11"]
[EventCountry "USA"]
[SourceTitle "CB47_2023"]
[SourceDate "2023.11.22"]
[SourceVersion "1"]
[SourceVersionDate "2023.11.22"]
[SourceQuality "1"]

1. e4 e5 2. Nf3 Nc6 3. Bc4 Bc5 4. c3 Nf6 5. d4 exd4 6. cxd4 Bb4+ 7. Nbd2 d5 8. exd5 Nxd5 9. 0-0 0-0 10. a3 Be7 11. Re1 Bf6 12. Ne4 Bg4 13. Nxf6+ Nxf6 14. d5 Ne7 15. h3 Bxf3 16. Qxf3 Nexd5 17. Bg5 c6 18. Rad1 Qb6 19. b4 h6 20. Bh4 Rfe8 21. Rxe8+ Rxe8 22. b5 Qc5 23. Bxd5 Nxd5 24. bxc6 bxc6 25. Bg3 Qc4 26. Kh2 Qe4 27. Qxe4 Rxe4 28. Rc1 Re6 29. f3 Kf8 30. Bf2 a6 31. Rc4 Re2 32. Kg1 Ra2 33. Ra4 Ra1+ 34. Kh2 Ke8 35. Rxa6 Kd7 36. Bc5 Rc1 37. Ra7+ Ke6 38. Bg1 Rc3 39. a4 Ra3 40. a5 g5 41. a6 f5 42. Bf2 Ra2 43. Kg1 Ra1+ 44. Kh2 f4 45. Bg1 Ne3 46. Bxe3 fxe3 47. Ra8 e2 48. Re8+ Kd5 49. Rxe2 Rxa6 50. Re8 c5 51. Rg8 c4 52. Rd8+ Rd6 53. Ra8 c3 54. Kg3 c2 55. Ra1 Rc6 56. Rc1 Kd4 57. Kg4 Kd3 58. h4 gxh4 59. Kxh4 Kd2 60. Rxc2+ Kxc2 61. g4 Kd3 62. f4 Ke4 63. g5 hxg5+ 64. Kxg5 Rc1 0-1

[Event "Titled Tuesday intern op 14th Nov Early"]
[Site "Chess.com INT"]
[Date "2023.11.14"]
[Round "7"]
[White "Grochal, Joey"]
[Black "Bodnaruk, Anastasia"]
[Result "1-0"]
[WhiteElo "2240"]
[BlackElo "2340"]
[PlyCount "71"]
[EventDate "2023.11.14"]
[EventType "swiss (blitz)"]
[EventRounds "11"]
[EventCountry "USA"]
[SourceTitle "CB47_2023"]
[SourceDate "2023.11.22"]
[SourceVersion "1"]
[SourceVersionDate "2023.11.22"]
[SourceQuality "1"]

1. e4 c5 2. Nf3 d6 3. d4 cxd4 4. Nxd4 Nf6 5. Nc3 a6 6. Be3 e5 7. Nb3 Be7 8. f3 0-0 9. Qd2 Be6 10. 0-0-0 Nbd7 11. g4 b5 12. g5 Nh5 13. h4 Nb6 14. Nd5 Bxd5 15. exd5 f5 16. Na5 Qc7 17. Nc6 Ng3 18. Rg1 Nxf1 19. Rdxf1 Nc4 20. Qd3 Bd8 21. f4 e4 22. Qc3 Qf7 23. Rd1 Rc8 24. Bd4 Bb6 25. g6 hxg6 26. Rg5 e3 27. Bxb6 Nxb6 28. Qxe3 Nxd5 29. Rxd5 Rxc6 30. Qd2 Rc4 31. b3 Re4 32. Rxd6 Rfe8 33. Rdxg6 Qc7 34. Qd5+ Kh7 35. Rh5+ Kxg6 36. Qxf5# 1-0

[Event "Titled Tuesday intern op 14th Nov Early"]
[Site "Chess.com INT"]
[Date "2023.11.14"]
[Round "3"]
[White "Grochal, Joey"]
[Black "Skliarov, Viktor"]
[Result "0-1"]
[WhiteElo "2240"]
[BlackElo "2349"]
[PlyCount "82"]
[EventDate "2023.11.14"]
[EventType "swiss (blitz)"]
[EventRounds "11"]
[EventCountry "USA"]
[SourceTitle "CB47_2023"]
[SourceDate "2023.11.22"]
[SourceVersion "1"]
[SourceVersionDate "2023.11.22"]
[SourceQuality "1"]

1. e4 c5 2. Nf3 Nc6 3. d4 cxd4 4. Nxd4 Nf6 5. Nc3 e5 6. Ndb5 d6 7. Bg5 a6 8. Na3 b5 9. Nd5 Be7 10. Bxf6 Bxf6 11. c3 0-0 12. Nc2 Bg5 13. a4 bxa4 14. Rxa4 a5 15. Bc4 Rb8 16. b3 Kh8 17. h4 Bh6 18. g4 f6 19. Nce3 Bd7 20. Ra2 Ne7 21. Nxe7 Qxe7 22. Nd5 Qd8 23. f3 Bc6 24. Rg2 Bxd5 25. Qxd5 Bf4 26. Ke2 Qb6 27. Qd3 a4 28. b4 Rfc8 29. Be6 Rc7 30. g5 fxg5 31. hxg5 g6 32. Rd1 Rf8 33. b5 Ra7 34. c4 a3 35. Rgg1 a2 36. Ra1 Qc5 37. Rgd1 Ra3 38. Qd5 Qe3+ 39. Kf1 Qxf3+ 40. Ke1 Re3+ 41. Kd2 Re2# 0-1

[Event "Titled Tuesday intern op 14th Nov Early"]
[Site "Chess.com INT"]
[Date "2023.11.14"]
[Round "8"]
[White "Kuzhilniy, Oleksandr"]
[Black "Grochal, Joey"]
[Result "1-0"]
[WhiteElo "2248"]
[BlackElo "2240"]
[PlyCount "102"]
[EventDate "2023.11.14"]
[EventType "swiss (blitz)"]
[EventRounds "11"]
[EventCountry "USA"]
[SourceTitle "CB47_2023"]
[SourceDate "2023.11.22"]
[SourceVersion "1"]
[SourceVersionDate "2023.11.22"]
[SourceQuality "1"]

1. b3 e5 2. Bb2 Nc6 3. e3 Nf6 4. Bb5 Bd6 5. Na3 e4 6. Nc4 Qe7 7. Nxd6+ Qxd6 8. Nh3 a6 9. Be2 b5 10. 0-0 Bb7 11. f3 Ne5 12. fxe4 Bxe4 13. d3 Bb7 14. e4 Qe7 15. Qe1 d6 16. a4 Bc6 17. Kh1 h5 18. axb5 axb5 19. Rxa8+ Bxa8 20. d4 Neg4 21. Bxb5+ Kf8 22. d5 Qxe4 23. Qxe4 Nxe4 24. c4 Ke7 25. Bxg7 Rc8 26. Re1 f5 27. Kg1 c6 28. dxc6 Bxc6 29. Bxc6 Rxc6 30. Ng5 Ngf2 31. Bd4 Nd3 32. Re3 Ndc5 33. b4 Ne6 34. Nxe4 fxe4 35. Rxe4 Kd7 36. Be3 Ra6 37. h3 Ra2 38. b5 Rc2 39. g4 hxg4 40. hxg4 Ke7 41. Kf1 Kf7 42. Ke1 Nf8 43. Kd1 Rg2 44. b6 Nd7 45. Kc1 Re2 46. b7 Nb8 47. g5 Nc6 48. Rf4+ Kg6 49. Rf6+ Kg7 50. Rxd6 Rxe3 51. Rxc6 Rb3 1-0

[Event "Titled Tuesday intern op 26th Sep Early"]
[Site "Chess.com INT"]
[Date "2023.09.26"]
[Round "3"]
[White "Goltsev, Dmitry"]
[Black "Grochal, Joey"]
[Result "1/2-1/2"]
[WhiteElo "2215"]
[BlackElo "2241"]
[PlyCount "130"]
[EventDate "2023.09.26"]
[EventType "swiss (blitz)"]
[EventRounds "11"]
[EventCountry "USA"]
[SourceTitle "EXT 2024"]
[Source "ChessBase"]
[SourceDate "2023.10.10"]
[SourceVersion "1"]
[SourceVersionDate "2023.10.10"]
[SourceQuality "1"]

1. e4 e5 2. Nf3 Nc6 3. Bb5 a6 4. Ba4 Nf6 5. 0-0 Be7 6. Re1 b5 7. Bb3 0-0 8. c3 d6 9. d4 Bg4 10. d5 Nb8 11. h3 Bh5 12. Bg5 Nbd7 13. Nbd2 Ne8 14. Be3 Bg6 15. Bc2 c5 16. dxc6 Nb8 17. a4 Nxc6 18. Qe2 b4 19. Nc4 Rb8 20. Red1 Qc7 21. a5 bxc3 22. bxc3 f6 23. Bb6 Qc8 24. Nh4 Bf7 25. Nf5 Be6 26. Ncxd6 Nxd6 27. Nxd6 Bxd6 28. Rxd6 Ne7 29. Bd3 Qxc3 30. Rd1 Bb3 31. Rb1 Bf7 32. Bxa6 Ng6 33. Qd3 Qxd3 34. Bxd3 Nf4 35. Kf1 Nxd3 36. Rxd3 Bc4 37. Rbd1 Rfc8 38. Ke1 Bxd3 39. Rxd3 Rc1+ 40. Kd2 Ra1 41. Rd7 Ra8 42. Ke3 h5 43. Kf3 R1xa5 44. Bxa5 Rxa5 45. Kg3 Kh7 46. Kh4 Kg6 47. f3 Ra2 48. Kg3 Ra3 49. h4 Rb3 50. Ra7 Rc3 51. Rb7 Rd3 52. Rc7 Rb3 53. Kf2 Ra3 54. Rc2 Rb3 55. Ra2 Rc3 56. Re2 Rb3 57. Re3 Rb2+ 58. Re2 Rb3 59. g3 Ra3 60. Re3 Ra2+ 61. Re2 Ra3 62. Rd2 Rb3 63. Ke2 Ra3 64. Rd3 Ra2+ 65. Rd2 Ra3 1/2-1/2

[Event "Titled Tuesday intern op 26th Sep Early"]
[Site "Chess.com INT"]
[Date "2023.09.26"]
[Round "1"]
[White "Ovetchkin, Roman"]
[Black "Grochal, Joey"]
[Result "1-0"]
[WhiteElo "2518"]
[BlackElo "2241"]
[PlyCount "99"]
[EventDate "2023.09.26"]
[EventType "swiss (blitz)"]
[EventRounds "11"]
[EventCountry "USA"]
[SourceTitle "EXT 2024"]
[Source "ChessBase"]
[SourceDate "2023.10.10"]
[SourceVersion "1"]
[SourceVersionDate "2023.10.10"]
[SourceQuality "1"]

1. d4 Nf6 2. c4 e6 3. g3 Bb4+ 4. Bd2 a5 5. Bg2 0-0 6. Nf3 d6 7. 0-0 Bxd2 8. Qxd2 Qe7 9. Nc3 e5 10. Nd5 Nxd5 11. cxd5 exd4 12. Nxd4 Nd7 13. e4 Nc5 14. Rae1 b6 15. Re3 Ba6 16. Rfe1 Qf6 17. f4 Rad8 18. b3 Rfe8 19. a3 Bb7 20. b4 axb4 21. axb4 Na6 22. h3 g6 23. Kh2 Kg7 24. h4 h5 25. Qc3 Kh7 26. Qc4 Re7 27. Nf3 Rde8 28. e5 Qg7 29. Ng5+ Kh8 30. e6 fxe6 31. Nxe6 Qf6 32. R1e2 Bc8 33. Bh3 Bxe6 34. Bxe6 Nb8 35. Qc3 Kg7 36. Qxf6+ Kxf6 37. Rc3 c5 38. dxc6 Nxc6 39. Rxc6 Rxe6 40. Rxe6+ Rxe6 41. Rxb6 Kf5 42. Rb5+ Ke4 43. Kg2 d5 44. Kf2 d4 45. Re5+ Rxe5 46. fxe5 Kxe5 47. Ke2 Ke4 48. Kd2 d3 49. b5 Kf3 50. b6 1-0

[Event "Titled Tuesday intern op 12th Sep Early"]
[Site "Chess.com INT"]
[Date "2023.09.12"]
[Round "8"]
[White "Catur, Adi Sagita"]
[Black "Grochal, Joey"]
[Result "1-0"]
[WhiteElo "2332"]
[BlackElo "2241"]
[PlyCount "137"]
[EventDate "2023.09.12"]
[EventType "swiss (blitz)"]
[EventRounds "11"]
[EventCountry "USA"]
[SourceTitle "EXT 2024"]
[Source "ChessBase"]
[SourceDate "2023.10.10"]
[SourceVersion "1"]
[SourceVersionDate "2023.10.10"]
[SourceQuality "1"]

1. e4 e5 2. Nf3 Nc6 3. Bb5 a6 4. Ba4 Nf6 5. 0-0 Be7 6. d3 b5 7. Bb3 0-0 8. a4 Rb8 9. axb5 axb5 10. Nc3 d6 11. h3 Nd7 12. Be3 Nc5 13. Bd5 Nb4 14. Bxc5 dxc5 15. Nxe5 Bf6 16. f4 Bxe5 17. fxe5 c6 18. Bb3 Qd4+ 19. Kh1 Qxe5 20. Ra7 Be6 21. Bxe6 fxe6 22. Ra1 Rxf1+ 23. Qxf1 Nxc2 24. Rc1 Nd4 25. Ne2 Rf8 26. Qd1 Rf2 27. Nxd4 Qxd4 28. Qh5 g6 29. Qg5 c4 30. dxc4 bxc4 31. Qe7 Qxe4 32. Qe8+ Kg7 33. Qe7+ Kh6 34. Rg1 e5 35. Qc5 Qf4 36. Qxc6 Rxb2 37. Qc5 Rc2 38. Re1 Rc1 39. Rxc1 Qxc1+ 40. Kh2 Qf4+ 41. Kh1 Qd4 42. Qf8+ Kg5 43. Qe7+ Kf5 44. Qf7+ Kg5 45. Qe7+ Kf4 46. Qh4+ Ke3 47. Qe1+ Kd3 48. Qd1+ Kc3 49. Qe1+ Kb3 50. Qb1+ Ka4 51. Qa2+ Kb5 52. Qb1+ Kc5 53. Qb8 c3 54. Qc7+ Kb4 55. Qb7+ Kc4 56. Qa6+ Kb3 57. Qb7+ Ka2 58. Qa6+ Kb1 59. Qb5+ Kc2 60. Qe2+ Qd2 61. Qe4+ Kd1 62. Qb1+ Ke2 63. Qe4+ Kf1 64. Qf3+ Ke1 65. Qe4+ Qe2 66. Qb1+ Kf2 67. Qg1+ Kg3 68. Qh2+ Kh4 69. g3+ 1-0

[Event "Titled Tuesday intern op 12th Sep Early"]
[Site "Chess.com INT"]
[Date "2023.09.12"]
[Round "7"]
[White "Grochal, Joey"]
[Black "Reprintsev, Alexander"]
[Result "1-0"]
[WhiteElo "2241"]
[BlackElo "2227"]
[PlyCount "97"]
[EventDate "2023.09.12"]
[EventType "swiss (blitz)"]
[EventRounds "11"]
[EventCountry "USA"]
[SourceTitle "EXT 2024"]
[Source "ChessBase"]
[SourceDate "2023.10.10"]
[SourceVersion "1"]
[SourceVersionDate "2023.10.10"]
[SourceQuality "1"]

1. e4 d5 2. exd5 Qxd5 3. Nc3 Qd6 4. d4 c6 5. Nf3 Bf5 6. Ne5 Nd7 7. Nc4 Qc7 8. g3 e5 9. dxe5 0-0-0 10. Nd6+ Bxd6 11. exd6 Qa5 12. Be3 Be4 13. f3 Bf5 14. Bd3 Bh3 15. Kf2 Ngf6 16. a3 Rhe8 17. Re1 Qh5 18. Kg1 Kb8 19. Ne4 Nd5 20. Bd4 f5 21. Nd2 Rxe1+ 22. Qxe1 f4 23. g4 Bxg4 24. fxg4 Qxg4+ 25. Kh1 f3 26. Qg1 Qf4 27. Bxa7+ Ka8 28. Ne4 b6 29. Bxb6 N7xb6 30. Qg3 Qxg3 31. hxg3 Nc8 32. Rf1 Nxd6 33. Nxd6 Rxd6 34. Rxf3 g5 35. Rf8+ Kb7 36. Rf7+ Kb6 37. Rxh7 c5 38. Be4 Ne3 39. Rb7+ Ka6 40. b4 cxb4 41. axb4 Rd2 42. b5+ Ka5 43. b6 Ng4 44. Bf3 Nf2+ 45. Kg1 g4 46. Bg2 Nd1 47. Rb8 Rxc2 48. b7 Ne3 49. Ra8+ 1-0

[Event "Titled Tuesday intern op 05th Sep Early"]
[Site "Chess.com INT"]
[Date "2023.09.05"]
[Round "7"]
[White "Grochal, Joey"]
[Black "Heinechen, John"]
[Result "1-0"]
[WhiteElo "2241"]
[BlackElo "1957"]
[PlyCount "75"]
[EventDate "2023.09.05"]
[EventType "swiss (blitz)"]
[EventRounds "11"]
[EventCountry "USA"]
[SourceTitle "EXT 2024"]
[Source "ChessBase"]
[SourceDate "2023.10.10"]
[SourceVersion "1"]
[SourceVersionDate "2023.10.10"]
[SourceQuality "1"]

1. e4 c5 2. Nf3 Nc6 3. d4 cxd4 4. Nxd4 g6 5. Nc3 Bg7 6. Be3 Nf6 7. Bc4 0-0 8. 0-0 d6 9. h3 Bd7 10. Qd2 Rc8 11. Bb3 Ne5 12. f4 Nc4 13. Bxc4 Rxc4 14. Qd3 Rc8 15. Nd5 Nxd5 16. exd5 Bxd4 17. Bxd4 Bf5 18. Qe3 Rxc2 19. Bc3 Qb6 20. Qxb6 axb6 21. Rfe1 Re8 22. Rad1 Kf8 23. Rd4 h5 24. Rb4 Bd3 25. Rxb6 Bc4 26. Rd1 e6 27. dxe6 fxe6 28. Rbxd6 Bd5 29. Rd2 Rxd2 30. Bxd2 Ke7 31. Bb4 Kf6 32. g4 hxg4 33. hxg4 Rc8 34. Rd7 Rc2 35. Bc3+ e5 36. Bxe5+ Ke6 37. Rd6+ Ke7 38. Rxd5 1-0

[Event "Titled Tuesday intern op 05th Sep Early"]
[Site "Chess.com INT"]
[Date "2023.09.05"]
[Round "8"]
[White "Shukhman, Anna"]
[Black "Grochal, Joey"]
[Result "1-0"]
[WhiteElo "2232"]
[BlackElo "2241"]
[PlyCount "49"]
[EventDate "2023.09.05"]
[EventType "swiss (blitz)"]
[EventRounds "11"]
[EventCountry "USA"]
[SourceTitle "EXT 2024"]
[Source "ChessBase"]
[SourceDate "2023.10.10"]
[SourceVersion "1"]
[SourceVersionDate "2023.10.10"]
[SourceQuality "1"]

1. e4 e5 2. Nf3 Nc6 3. Bb5 a6 4. Ba4 Nf6 5. 0-0 Be7 6. Re1 b5 7. Bb3 0-0 8. a4 b4 9. d4 d6 10. dxe5 dxe5 11. Qe2 Bg4 12. c3 bxc3 13. bxc3 Qb8 14. Nbd2 Bc5 15. Bd5 Nxd5 16. exd5 Na5 17. Rb1 Qa7 18. Ne4 f6 19. h3 Bd7 20. Nxc5 Qxc5 21. Be3 Qc4 22. Qxc4 Nxc4 23. Rb7 Bxa4 24. Rxc7 Rfd8 25. Rxc4 1-0